| 000 | 00845cam a2200193 a 4500 | ||
|---|---|---|---|
| 999 |
_c4631 _d4631 |
||
| 020 | _a0314145605 (alk. paper) | ||
| 020 | _a0314145613 (teacher's manual : alk. paper) | ||
| 050 | 0 | 0 |
_aKF9218 _b.D68 |
| 100 | 1 | _aDressler, Joshua. | |
| 245 | 1 | 0 |
_aCases and materials on criminal law / _cby Joshua Dressler. |
| 250 | _a3rd ed. | ||
| 260 |
_aSt. Paul, MN : _bThomson/West, _cc2003. |
||
| 300 |
_alxxi, 1056 p. ; _c26 cm. + _eteacher's manual. |
||
| 440 | 0 | _aAmerican casebook series | |
| 500 | _aIncludes index. | ||
| 505 | _a Introduction: setting the stage -- Principles of punishment -- Modern role of criminal statutes -- Actus reus -- Mens rea -- Causation -- Criminal homicide -- Rape -- General defenses to crimes -- Inchoate offenses -- Liability for the conduct of another -- Theft. | ||
| 650 | 0 | _aCriminal law | |
| 942 | _cBK | ||